تعليم التفكير / (Record no. 27868)
[ view plain ]
| 000 -الفاتح | |
|---|---|
| حقل البيانات ثابتة الطول | 00869nam a2200289Ia 4500 |
| 005 - وقت وتاريخ اخر تعامل مع التسجيلة | |
| رقم الضبط | 20240530101818.0 |
| 008 - عناصر البيانات ثابتة الطول - معلومات عامة | |
| حقل البيانات ثابتة الطول | 140319s9999 xx 000 0 ara d |
| 040 ## - مصدر الفهرسة | |
| وكالة الفهرسة الأصلية | GCL / |
| وكالة النسخ | GCL |
| 082 04 - رقم تصنيف ديوى العشرى | |
| رقم التصنيف | 153.34 |
| رقم المادة | د ت |
| 100 1# - المدخل الرئيسى - إسم شخصى | |
| الإسم الشخصى | دى بونو، ادوارد |
| 245 10 - بيان العنوان | |
| العنوان | تعليم التفكير / |
| بيان المسئوليه,etc | دى بونو، ادوارد |
| 260 ## - PUBLICATION, DISTRIBUTION, ETC. (IMPRINT) | |
| تاريخ النشر أو التوزيع | 1989 |
| 300 ## - الوصف المادى | |
| التعداد | 293 ص |
| 490 ## - بيان السلسلة | |
| عنوان السلسلة | سلسلة الكتب المترجمة |
| رقم المجلد/ التعيين التسلسلي | 0 |
| 650 04 - المدخل الاضافى بالموضوع-مصطلح موضوعى | |
| مصطلح موضوعي | علم النفس |
| 650 04 - المدخل الاضافى بالموضوع-مصطلح موضوعى | |
| مصطلح موضوعي | علم النفس التربوى |
| 650 04 - المدخل الاضافى بالموضوع-مصطلح موضوعى | |
| مصطلح موضوعي | العقد |
| 650 04 - المدخل الاضافى بالموضوع-مصطلح موضوعى | |
| مصطلح موضوعي | التفكير |
| 650 04 - المدخل الاضافى بالموضوع-مصطلح موضوعى | |
| مصطلح موضوعي | تعليم |
| 650 04 - المدخل الاضافى بالموضوع-مصطلح موضوعى | |
| مصطلح موضوعي | المنطق |
| 650 04 - المدخل الاضافى بالموضوع-مصطلح موضوعى | |
| مصطلح موضوعي | الادراك |
| 650 04 - المدخل الاضافى بالموضوع-مصطلح موضوعى | |
| مصطلح موضوعي | الانتباه |
| 650 04 - المدخل الاضافى بالموضوع-مصطلح موضوعى | |
| مصطلح موضوعي | الانماط |
| 700 1# - المدخل الاضافى - اسم شخصى | |
| الإسم الشخصى | عادل عبدالكريم ياسين |
| 942 ## - عناصر المدخل الإضافي( كوها) | |
| مصدر التصنيف او مخطط الترفيف | Dewey Decimal Classification |
| Koha [default] item type | كتاب |
| 260 ## - PUBLICATION, DISTRIBUTION, ETC. (IMPRINT) | |
| -- | [S.N] : |
| -- | مؤسسة الكويت للتقدم العلمى ، |
| حالة التراجع | حالة الفقد | حالة تلف | ليس للاعارة | المكان المؤقت | الموقع الحالى | تاريخ الاكتساب | اجمالي اﻻعارات | رقم الطلب | الباركود | تاريخ اخر مشاهدة | تاريخ تفعيل السعر | نوع وعاء كوها | مصدر التصنيف او خطة الترفيف | موقع الترفيف |
|---|---|---|---|---|---|---|---|---|---|---|---|---|---|---|
| مكتبة القاهرة الكبرى | مكتبة القاهرة الكبرى | 03/26/2014 | 153.34\د ت | 63583 | 03/26/2014 | 03/26/2014 | كتاب | |||||||
| مكتبة القاهرة الكبرى | مكتبة القاهرة الكبرى | 04/29/2018 | 153.34 د ت | 164579 | 04/29/2018 | 04/29/2018 | كتاب | ddc | القاعة الرئيسية | |||||
| مكتبة القاهرة الكبرى | مكتبة القاهرة الكبرى | 04/29/2018 | 153.34 د ت | 164580 | 04/29/2018 | 04/29/2018 | كتاب | ddc | القاعة الرئيسية |

